00443 2200169 4500001002100000008004100021035002000062245003800082100001300120260003900133300002300172020002200195084001600217082000800233650001300241990001900254INLIS000000000000464 ind  a0010-0625000132 aKahlil Gibran, KeabadiancDian Ve aVe, Dian aSurabaya.bPenerbit Stomata,c2017 a152 hlm.c20,5 cm. a978-602-1527-52-8 a923.2 NUR m a813 aBiografi a2114/MP.H/2017